|
|
|
|
| LEADER |
00000cam a2200000 a 4500 |
| 001 |
vtls008320060 |
| 003 |
SK-MaSNL |
| 005 |
20260301020304.0 |
| 008 |
251124s1972 xo e 000 0 slo |
| 015 |
|
|
|a SNBA1972/05-01261
|
| 035 |
|
|
|a SK01SNK19720012277
|
| 035 |
|
|
|a SKM000014740
|
| 040 |
|
|
|a SNK
|b slo
|c SNK
|e AACR2
|
| 041 |
1 |
|
|a slo
|
| 044 |
|
|
|a xo
|c SK
|
| 080 |
|
|
|a 371.214:642.63.373.6
|2 1981
|
| 080 |
|
|
|a 642.63:371.214
|2 1981
|
| 245 |
1 |
0 |
|a Pedagogické dokumenty pre študijný odbor 12-2-04/3 Ekonomika a prevádzka spoločného stravovania
|b dvojročné denné štúdium absolventov stred. škôl
|c vyprac. Výskum. ústav odb. školstva
|
| 260 |
|
|
|a Bratislava
|b Slovenské pedagogické nakladateľstvo
|c 1972
|
| 300 |
|
|
|a 121 s.
|c 4°
|
| 500 |
|
|
|a Tb.
|
| 563 |
|
|
|a Pre vnútornú potrebu školských pracovníkov
|
| 650 |
0 |
7 |
|a stravovanie spoločné
|x ekonomika
|x prevádzka
|x školy stredné spoločného stravovania
|x štúdium absolventské dvojročné
|x osnovy učebné
|2 SNK
|9 307453
|
| 650 |
0 |
7 |
|a osnovy učebné
|x stravovanie spoločné
|x školy stredné spoločného stravovania
|x štúdium absolventské dvojročné
|2 SNK
|9 307454
|
| 655 |
|
7 |
|a učebné osnovy
|2 SNKPH
|9 60479
|
| 710 |
0 |
|
|a Výskumný ústav odborného školstva Bratislava, Slovensko
|4 aut
|9 307288
|
| 958 |
|
|
|a OND
|
| 958 |
|
|
|a RM
|
| 958 |
|
|
|a RK
|
| 958 |
|
|
|a UO
|
| 999 |
|
|
|c 562649
|d 564579
|
| 952 |
|
|
|a SNK
|b SNK
|y PREZ
|7 0
|p 17A0889972
|o snkSB 18299
|i snkKSP 4260/72
|0 0
|1 0
|4 0
|d 2015-04-24
|l 0
|r 2025-03-20 00:00:00
|w 2026-02-23
|
| 952 |
|
|
|a SNK
|b SNK
|y VYP
|7 0
|o snkSB 18299 D1
|i snkKSP 4261/72
|0 0
|1 0
|4 0
|d 2015-04-24
|l 0
|r 2026-02-23 13:47:39
|w 2026-02-23
|